1600 1020 1486 1447 1546 1049 1174 1587 1514 1395 1139 1883 1344 1888 1993 1356 1739 1675 1228 1484 1186 1247 1241 1109 1355 1337 1850 1054 1054 1849 1565 1641 1580 1530 1437 1583 1547 1985 1664 1543 1598 1513 1100 1641 1510 1202 1693 1379 1158 1082 1923 1219 1495 1257 1298 1178 1681 1344 1258 1937 1474 1843 1983 1440 1131 1737 1188 1524 1160 1843 1582 1355 1711 1043 1684 1737 1118 1324 1802 1241 1287 1988 1935 1158 1293 1554 1022 1137 1609 1703 1160 1450 1018 1380 1540 1752 1600 1302 1251 BCNSPRNW ULIB Ver.6.0+V

เปลี่ยนเป็นภาษาไทย

Change to English
 แสดงรายละเอียดบรรณานุกรม
  กลับหน้าหลัก

Brief Record : Get Marc (ISO 2709) : E-mail record : QR code < ปิดหน้าต่าง
LEADER : 00000nam 2200000uu 4500
001    13399121604
003     ULIB
008    121126s2551||||th 000 0 tha d
020    ^a9789741024865
060 04 ^aWS460^bอ631น
100 0  ^aอาภรณ์ ดีนาน
245 00 ^aแนวคิด&วิธีส่งเสริมสุขภาพวัยรุ่น =^bAdolescence Health : Concepts & Application^cอาภรณ์ ดีนาน
246 0  ^aAdolescence Health : Concepts & Application
250    ^aพิมพ์ครั้งที่1
260    ^aชลบุรี^bบ.ไฮเดนกรุ๊ป ปริ้น แอนด์ มีเดีย จำกัด,^c2551
300    ^a138 หน้า
650  7 ^aการส่งเสริมสุขภาพ
650  7 ^aวัยรุ่น
650  7 ^aสุขภาพ
700 0  ^aอาภรณ์ ดีนาน
945    ^p139^l0^i17129
945    ^p139^l0^i17130
945    ^p139^l0^i17899
945    ^p139^l0^i17900
995    ^aวิภา
999 ^a ใช้งานได้ทุกระบบ
รายการนี้ยังไม่มีแท็ก
คุณยังไม่ได้ล็อกอิน คุณสามารถมีกิจกรรมร่วมกับเว็บไซต์ได้ แต่ต้องล็อกอินก่อน ::
  ล็อกอิน

รายการสื่อสารสนเทศ

ลำดับที่ ประเภท เลขเรียก/บาร์โค้ด สถานที่ สถานะ
1. วิทยาศาสตร์การแพทย์ และสุขภาพ
วิทยาศาสตร์การแพทย์ และสุขภาพ
WS460 อ631น ฉ.3 
  Barcode: 17899
ห้องสมุดวิทยาเขตสวรรค์ประชารักษ์
►ส่วนจัดเก็บหนังสือเก่า สปร
บนชั้น
  ขอยืม
2. วิทยาศาสตร์การแพทย์ และสุขภาพ
วิทยาศาสตร์การแพทย์ และสุขภาพ
WS460 อ631น ฉ.4 
  Barcode: 17900
ห้องสมุดวิทยาเขตสวรรค์ประชารักษ์
►ส่วนจัดเก็บหนังสือเก่า สปร
บนชั้น
  ขอยืม

รายการใกล้เคียง
    ผู้แต่ง [อาภรณ์ ดีนาน]

    หัวเรื่อง [การส่งเสริมสุขภาพ]
    หัวเรื่อง [วัยรุ่น]
    หัวเรื่อง [สุขภาพ]

BibComment


ยังไม่เคยถูกคอมเมนท์

คอมเมนท์ทรัพยากรรายการนี้
  คอมเมนท์: แนวคิดวิธีส่งเสร..


 Copyright 2026. Bcnsprnw @Library